000 00702nam a2200193Ia 4500
008 151121s9999||||xx |||||||||||||| ||und||
082 _a330/टिपणी
082 _bHNW-11945
100 _aटिपणीस गो।गो
245 _aकौटिल्य अर्थशाळा प्रदीप
260 _b"स।गो।विरकुड, मुंबई"
260 _c--
300 _a203
600 _aटिपणीस गो।गो
630 _aकौटिल्य अर्थशाळा प्रदीप
700 _aटिपणीस गो।गो
730 _aकौटिल्य अर्थशाळा प्रदीप
942 _cBOOK
999 _c1216593
_d1216590